MDQL
is popping MORE tags! Check the
thread
!
Quizzes
Events
Quiz Creation
Community
Videos
Private Events
Remove Ads
Sign In
Join for FREE
Feedback
Dark Mode
Quiz Categories
Sports
Geography
Music
Movies
Television
Just For Fun
Miscellaneous
History
Literature
Language
Science
Gaming
Entertainment
Religion
Holiday
For Kids
Quiz Lab
Recent
Popular Today
Quiz Kudos Today
Editor Picks
Curator Picks
Quizzes by...
Day
Popularity
Type
Ratings
Length
Year
Community
Subscriptions
Recent Discussions
Orange Saloon
Badges
Playlists
Quests
Create
Leaderboards
Showdown
Live 5
Trivia Bingo
Activity
Puzzle Library
Sporcle Events
Private Events
Virtual Trivia
Globe League
Become a Host
Pub Owners
SporcleCon
Opinionation
Our Games
Videos
Blog
Mobile Apps
Partnerships
Remove Ads and Go Orange
Feedback
Gaming
Video Games
Board Games
Card Games
Pokémon
Mario
Nintendo
Minecraft
Console
Toys
Legend of Zelda
Gaming
Video Games
Board Games
Card Games
Pokémon
Mario
Nintendo
Minecraft
Console
Toys
Legend of Zelda
Random Quiz
Search Sporcle
×
Quiz Lab
Quiz Lab
Gaming
Video Games
Type in answers that appear in a list
Type in answers that appear in a list
Classic
Best Score? Go Orange.
LoL Champions Stats
Can you name the champions from League of Legends?
By
ZoolanderZach
20m
124 Questions
230 Plays
230 Plays
230 Plays
Comments
Comments
Give Quiz Kudos
Give Quiz Kudos
-
- Ratings
hide this ad
Replay
Link that replays current quiz
Next Quiz
Link to next quiz in quiz playlist
You Got
0%
They Got
Avg Score
73%
Avg Friend Score
Upgrade to see
Score Distribution
Jump to the score distribution portion of the page
Score
0/124
Timer
20:00
0
Plays Today
Title
Champion
% Correct
The Nine-
Tailed Fox
Ahri
93.5%
The Frost Archer
Ashe
93%
The Sad Mummy
Amumu
92.6%
The Dark Child
Annie
92.6%
The Minotaur
Alistar
88.7%
The Swift Scout
Teemo
87%
The Great Steam Golem
Blitzcrank
86.5%
The Lady of Luminosity
Lux
86.1%
The Emperor of the Sands
Azir
85.8%
The Darkin Blade
Aatrox
85.7%
The Blind Monk
Lee Sin
85.7%
The Spider Queen
Elise
85.2%
The Yeti Rider
Nunu
85.2%
The Card Master
Twisted Fate
85.2%
The Glorious Executioner
Draven
84.3%
The Piltover Enforcer
Vi
84.3%
The Master of Shadows
Zed
84.3%
The Loose Cannon
Jinx
84.1%
The Bounty Hunter
Miss Fortune
83.9%
The Cryophoenix
Anivia
83.5%
The Burning Vengeance
Brand
83.5%
The Sheriff of Piltover
Caitlyn
83%
The Might of Demacia
Garen
82.6%
The Wuju Bladesman
Master Yi
82.6%
The Monkey King
Wukong
82.2%
The Serpent's Embrace
Cassiopeia
81.7%
The Wandering Caretaker
Bard
81.6%
The Hand of Noxus
Darius
81.3%
The Tidal Trickster
Fizz
80.9%
The Armordillo
Rammus
80.9%
The Hexplosives Expert
Ziggs
80.9%
The Heart of the Freljord
Braum
80.5%
The Sinister Blade
Katarina
80.4%
Maven of the Strings
Sona
80.4%
The Chronokeeper
Zilean
80.4%
The Seneschal of Demacia
Xin Zhao
80%
The Terror of the Void
Cho'Gath
79.6%
The Ice Witch
Lissandra
79.6%
The Starchild
Soraka
79.6%
The Prodigal Explorer
Ezreal
79.1%
The Bestial Huntress
Nidalee
79.1%
The Fist of Shadow
Akali
78.7%
Title
Champion
% Correct
The Barbarian King
Tryndamere
78.3%
Rise of the Thorns
Zyra
78.3%
The Grand Duelist
Fiora
77.8%
Grandmaster at Arms
Jax
77.8%
The Troll King
Trundle
77.8%
The Fae Sorceress
Lulu
77.4%
Scorn of the Moon
Diana
77%
The Exemplar of Demacia
Jarvan IV
77%
The Judicator
Kayle
77%
The Lady of Clockwork
Orianna
77%
The Revered Inventor
Heimerdinger
76.5%
The Plague Rat
Twitch
76.1%
The Secret Weapon
Zac
76.1%
The Radiant Dawn
Leona
75.7%
The Exile
Riven
75.7%
The Blood Hunter
Warwick
75.7%
The Saltwater Scourge
Gangplank
75.2%
Fallen Angel
Morgana
75.2%
The Gem Knight
Taric
74.8%
The Berserker
Olaf
74.3%
The Storm's Fury
Janna
73.9%
The Curator of the Sands
Nasus
73.9%
The Gravedigger
Yorick
73.9%
The Tidecaller
Nami
73.5%
The Mad Chemist
Singed
73.5%
The Deathsinger
Karthus
73%
Eye of Twilight
Shen
73%
The Madman of Zaun
Dr. Mundo
72.6%
The Mouth of the Abyss
Kog'Maw
72.6%
The Night Hunter
Vayne
72.6%
The Harbinger of Doom
Fiddlesticks
72.2%
The Demon Jester
Shaco
72.2%
The Outlaw
Graves
71.7%
The Megling Gunner
Tristana
71.3%
The Unforgiven
Yasuo
71.3%
The Defender of Tomorrow
Jayce
70.9%
The Half-
Dragon
Shyvana
70.9%
Shard of the Monolith
Malphite
70.4%
The Undead Champion
Sion
70.4%
The Battle Mistress
Sivir
70.4%
The Crimson Reaper
Vladimir
70.4%
The Eye of the Void
Vel'Koz
70.3%
Title
Champion
% Correct
The Daring Bombardier
Corki
70%
The Void Walker
Kassadin
70%
The Voidreaver
Kha'Zix
70%
The Butcher of the Sands
Renekton
70%
The Thunder's Roar
Volibear
70%
The Prophet of the Void
Malzahar
69.6%
The Twisted Treant
Maokai
69.6%
The Chain Warden
Thresh
69.6%
The Arrow of Retribution
Varus
69.6%
The Tiny Master of Evil
Veigar
69.6%
The Missing Link
Gnar
69.3%
The Rogue Mage
Ryze
69.1%
The Enlightened One
Karma
68.7%
The Master of Metal
Mordekaiser
68.7%
The Pridestalker
Rengar
68.7%
The Rabble Rouser
Gragas
68.3%
The Purifier
Lucian
68.3%
The Titan of the Depths
Nautilus
68.3%
The Eternal Nightmare
Nocturne
68.3%
The Will of the Blades
Irelia
67.8%
The Headsman's Pride
Urgot
67.8%
The Machine Herald
Viktor
67%
The Mechanized Menace
Rumble
66.5%
The Heart of the Tempest
Kennen
66.1%
The Artisan of War
Pantheon
66.1%
Demacia's Wings
Quinn and Valor
66.1%
The Widowmaker
Evelynn
65.7%
The Deceiver
LeBlanc
65.7%
The Spirit Walker
Udyr
65.2%
The Iron Ambassador
Poppy
64.8%
The Winter's Wrath
Sejuani
64.8%
The Magus Ascendant
Xerath
64.8%
The Spear of Vengeance
Kalista
64.4%
The Blade's Shadow
Talon
64.3%
The Shadow of War
Hecarim
63.5%
The Sentinel's Sorrow
Galio
62.2%
The Void Burrower
Rek'Sai
62.1%
The Dark Sovereign
Syndra
60.4%
The Master Tactician
Swain
60%
The Crystal Vanguard
Skarner
58.7%
Quiz Playlist
Details
Report
Send in Message
Add To Playlist
Classic:
Type in answers that appear in a list
Quiz Source
Last Updated: Feb 16, 2017
Quiz Scoreboard
CHALLENGE
Sign Up to Join the Scoreboard
Show All
Scores
Hide
Comments
May contain spoilers
Recently Published
Image Sorting: Flags VI
by Barbecue
Geography
2m
Find the 'City' Movie
by crazypaving
Movies
60s
Colored Red Africa Blitz
by spor1
Geography
45s
More to Explore
Quiz From the Vault
Featured Blog Post
14 Easter Pick-up Lines to Find Eggs With
hide this ad
You Might Also Like...
Tags
Video Games Quiz
League of Legends
Today's Top Quizzes in Gaming
Browse Gaming
hide this ad
Today's Top Quizzes in Video Games
Browse Video Games
Top Contributed Quizzes in Gaming
1
League of Legends Pro Players by Career/Team History
2
Destiny 2 exotic weapons by perk icons
3
Genshin murder mystery
4
Dead By Daylight Logic Puzzle
5
Genshin Impact Logic Puzzle
6
Valorant Agent Developer Names (Up to Clove)
7
Overwatch 2: Ultimate Ability Icons
8
4x4 Decades: Video Games
9
Who's on the WWE 2K24 Cover?
10
Undertale Logic Puzzle
Explore More
Trending Topics
Anime
NBA
Crossword
Disney
Kpop
Harry Potter
Marvel
The Office
Puzzle
Song
Pokémon
Soccer
Country
WWE
NFL
hide this ad
More By:
ZoolanderZach
Quiz
Plays
Rating
Category
Featured
Created
Skyrim Skills
44,734
4.66
Gaming
Dec 3, 2011
Tom Haverford's Businesses
2,401
4.73
Television
May 9, 2015
Taylor Swift Songs
635
5.00
Music
Jan 24, 2010
LoL Champions
230
5.00
Gaming
Sep 22, 2013
Patrick Rothfuss Books
110
3.33
Literature
May 6, 2015
Go to Creator's Profile
Score Distribution
Quiz Creator Spotlight
ZoolanderZach
Follow
Send a Message
Quizzes Created
-
Created Quiz Play Count
-
More By This Creator
Popular Quizzes Today
1
Colored Red Africa Blitz
2
Find the US States - No Outlines Minefield
3
Find the 'City' Movie
4
5x2 Blitz: Bands
5
The Countries of the World
6
Find the US States
7
Find the Countries of Europe - No Outlines Minefield
8
US States
More Gaming Quizzes
Lego Batman 2 Map
Quiz Lab
Trending Quizzes
Colored Red Europe Blitz I
Colored Red Europe Blitz II
Colored Red Africa Blitz II
Colored Red Europe Blitz III
Colored Red Africa Blitz III
Recently Updated
How Do You Spell That?
pecheneg
Godzilla Movies
pecheneg
Grab Bag: 4-10 Letters
pecheneg
2024 March Madness Bracket
pecheneg
Famous TV Couples
Peacemaker
Champions League XIs: Real Madrid
pecheneg
Largest US Cities 1790-2010
pecheneg
Rides in Walt Disney World
pecheneg
Most Oscar Losses (Acting)
pecheneg
Beyoncé Albums
pecheneg
Trending Topics
Anime
Harry Potter
Kpop
Crossword
Marvel
Disney
NBA
Puzzle
WWE
Country
Soccer
Song
The Office
Pokémon
NFL
Your Account Isn't Verified!
In order to create a playlist on Sporcle, you need to verify the email address you used during registration. Go to your
Sporcle Settings
to finish the process.
Report this User
Report this user for behavior that violates our
Community Guidelines
.
Details:
Send Report
Go to the Sporcle.com Mobile Site →
Comments